000 01461nac a2200301 a 4500
003 CO-PeBPM
005 20260428145226.0
007 ta
008 260428s2002 ck |||| |||| 00| 0 spa d
020 _a8466307141
040 _aCO-PeBPM
_bspa
_cCO-PeBPM
_erda
041 _aspa
082 0 4 _a641.50946 M183p
_222
100 1 _aMadrigal, Andrés
_eautor
245 1 0 _aPlaceres de alcoba
_b: La cocina erótica, romántica y afrodisiaca
_c/ Andrés Madrigal
260 _aMadrid, España
_b: Suma de Letras
_c, 2002
300 _a254 páginas
_c20 cm.
336 _2rdacontent
_atexto
_btxt
337 _2rdamedia
_asin mediación
_bn
338 _2rdacarrier
_avolumen
_bnc
490 _aPunto de Lectura. Gastronomía
500 _aIncluye índices al final del texto
500 _aSubtítulo tomado de la cubierta del texto
520 _aOlores, sabores, texturas... Un mundo de sensaciones por explorar en una simbiosis perfecta entre la cocina y el amor, la gastronomía y el erotismo. Desde los dioses griegos al marqués de Sade, pasando por personajes como Casanova, Wilde o el mismo Balzac. Todos ellos han sucumbido a la llamada de Eros, irresistiblemente estimulados por la combinación y elaboración de los alimentos. Todas las recetas elaboradas con alimentos afrodisíacos para afrontar la cocina y la alcoba desde otro punto de vista
650 1 7 _aEconomía domestica
_2LEMB
650 1 7 _aAfrodisiacos (Cocina)
_2LEMB
942 _2ddc
_n0
_cBK
999 _c107357
_d107357